Statistiken für Elder Scrolls Quiz: Gottheiten und Dämonen

Klicken Sie hier um das Quiz zu spielen!

Allgemein

  • Dieses Quiz wurde 44 mal gespielt
  • Das Durchschnittsergebnis liegt bei 16 aus 33

Antwortstatistiken

BeschreibungAntwort% Korrekt
Göttin der LiebeMara
88%
Gott des KriegesTalos
82%
Oberhaupt der Neun GöttlichenAkatosh
79%
Daedrischer Prinz der UnterwerfungMolag Bal
79%
Göttin der SchönheitDibella
73%
Daedrischer Prinz der DämmerungAzura
67%
Daedrischer Prinz der JagdHircine
67%
Daedrischer Prinz des WahnsinnsSheogorath
64%
Daedrischer Prinz der GeschäfteClavicus Vile
61%
Daedrischer Prinz des WissensHermaeus Mora
61%
Daedrischer Prinz der hedonistischen PrassereiSanguine
61%
Göttin des HimmelsKynareth
55%
Daedrischer Prinz der ZerstörungMehrunes Dagon
55%
Gott der WeisheitJulianos
48%
Gott der GerechtigkeitStendarr
45%
Gott des LebensArkay
42%
Daedrischer Prinz des LichtsMeridia
42%
Gott des HandelsZenithar
42%
Daedrischer Prinz der GeisterNamira
39%
Daedrischer Prinz der OrdnungJyggalag
36%
Daedrischer Prinz der FlücheMalacath
36%
Daedrischer Prinz der DunkelheitNocturnal
36%
Daedrischer Prinz der PestillenzPeryite
36%
Nordische Göttin des SturmsKyne
30%
Daedrischer Prinz der VerworrenheitMephala
30%
Kriegerpoet des TribunalsVivec
30%
Mutterseele des TribunalsAlmalexia
27%
Oberhaupt der nordischen GötterShor
27%
Daedrischer Prinz der TäuschungBoethiah
24%
Der verschwundene GottLorkhan
24%
Handwerker des TribunalsSotha Sil
24%
Daedrischer Prinz der AlbträumeVaermina
24%
Oberhaupt der elfischen GötterAuri-El
15%

Verteilung der Resultate

Perzentil nach korrekt beantworteten Fragen

Anzahl Personen mit jedem Resultat

Ihre Resultats-Entwicklung

Sie haben dieses Quiz noch nicht gespielt